000 00596nam a22002057a 4500
999 _c1418
_d1418
003 AR-CdUCM
008 190227b ||||| |||| 00| 0 spa d
040 _aMUNICIPALIDAD PROVINCIAL DEL CUSCO
_cBIBLIOTECA MUNICIPAL DEL CUSCO
082 _a869.57 /
_bB25
100 _aBarrera Reyes, Luis
_95387
245 _aPrimavera en otoño /
260 _aCusco-Perú :
_bKopygraf,
300 _a215 páginas ;
_c20 cm.
500 _aFirma de autor.
650 _aLiteratura peruana
_9169
650 _aPoesía peruana
_9806
650 _aPoesía siglo XX
_91708
942 _2ddc
_cLIBROS
945 _azta